Представление документа в формате MARC21

Поле Инд. ПП Название Значение
Тип записи a
Библиографический уровень b
001 Контрольный номер RU/IS/BASE/148579836
005 Дата корректировки 20200522190655.9
084 a Индекс другой классификации/Индекс ББК 60.561.3
097 00 a 750
100 10 a Автор Ионова О. Б.
245 00 a Заглавие Социальные технологии партнерства
504 00 a Библиография Библиогр. ссылки
650 a Основная рубрика политическая социология
a Основная рубрика социология
653 00 a Ключевые слова партнерские отношения
a Ключевые слова партнерство
a Ключевые слова социальное взаимодействие
a Ключевые слова социальное партнерство
a Ключевые слова социальное управление
a Ключевые слова социальные технологии
773 00 t Заглавие источника Вестник Московского университета. Серия 18, Социология и политология
d Дата издания источника 2000
g Прочая информация № 4. - С. 108 - 114
w Контрольный № источника RU/IS/BASE/148579478
901 t Тип документа b